Sports Quiz

Random Sports or NBA Quiz

2010 NBA ALL-STARS Quiz Stats

Quiz not verified by Sporcle

Also try: 2017 NBA All-Stars
Challenge
Share
Tweet
Embed
Score 0/10 Timer 03:00
0 Plays Today
Players Number Players Name % Correct
23Lebron James
96.5%
24Kobe Bryant
94.7%
12Dwight Howard
80%
13Steve Nash
68.8%
3Dwayne Wade
68.2%
5Kevin Garnett
68.2%
3Allen Iverson
67.1%
15Carmelo Anthony
65.3%
21Tim Duncan
62.9%
1Amare stoudemire
57.1%

You're not logged in!

Compare scores with friends on all Sporcle quizzes.
Join for Free
OR
Log In

You Might Also Like...

Show Comments

Extras

Top Quizzes Today


Score Distribution

Your Account Isn't Verified!

In order to create a playlist on Sporcle, you need to verify the email address you used during registration. Go to your Sporcle Settings to finish the process.

Report this User

Report this user for behavior that violates our Community Guidelines.

Details: